000 01176nam a2200325 a 4500
003 BLK
005 20240925100119.0
008 180410b bul|||||r ||||||| ||bul||
010 _aKNG00162129000
020 _a9786197058802
040 _aBLK
041 _aBUL
_cBUL
080 _aБългарска литература
_b821.163.2
_x-32
_z821.163.2-32
100 1 _aГеоргиев, Керчо Атанасов
_eпърви автор
_9300532
139 _aГеоргиев, Керчо Атанасов
_bГ 37
245 1 0 _aПамет и съвест
_bРазкази
_cКерчо Атанасов Георгиев ; предг. Йордан Василев.
250 _a2. прераб. и доп. изд.
257 _aBGR
260 _aРусе
_bЛени-Ан
_c2020
300 _a163 с.
_bс портр.
_c21 см
380 _aX
500 _a1. изд. 2013.
700 _9401063
_aВасилев, Йордан Григоров
_eпредг.
852 _aЦб 300571
_bЦб
852 _bК
_cК 821.163.2-32/Г 37 К
852 _bП
_c821.163.2-32/Г 37 К
942 _cKNG
_n0
_02
_s1
944 _c2020-07-03
_lМоника Янева
_k30570
944 _aED
_kМ.Я.
999 _c373006
_d373006